000 00573cam a2200157 4500500
005 20260111144215.0
041 _afre
042 _adc
100 1 0 _aPanot, Céline
_eauthor
700 1 0 _aRobert, Magali
_eauthor
245 0 0 _aIon (Jacques), [dir.], Le travail social en débat(s), Paris, éditions La découverte, 2005, 20 eur
260 _c2005.
500 _a40
786 0 _nLes Cahiers Dynamiques | 35 | 3 | 2005-09-01 | p. 019c-021c | 1276-3780
856 4 1 _uhttps://shs.cairn.info/revue-les-cahiers-dynamiques-2005-3-page-019c?lang=fr&redirect-ssocas=7080
999 _c1636157
_d1636157